000 00417nam a2200145Ia 4500
003 OSt
005 20260129112228.0
008 211028s2018 xx 000 0 und d
040 _cAIMIT LIBRARY
041 _aeng
100 _aBhosale, Kiran P; P V Sumitha.
_g1616086
_97842
245 _aStudy on investors behaviour towards investment decisions /
260 _aMangalore
_bLestan D Souza.
_c2018
942 _2ddc
_cPRO
999 _c219410
_d219410